LDR 00974naa#a2200181#i#450# 001 RU\\bibl\116889 005 20260415161856.3 011 ## _a2500-1795 100 ## _a20191125b2019####ek#y0rusy0150####ca 101 0# _aRUS 102 ## _aRU 200 1# _aРАЗВИТИЕ ПОЗНАВАТЕЛЬНОЙ САМОСТОЯТЕЛЬНОСТИ ОБУЧАЮЩИХСЯ ПРИ ОБУЧЕНИИ ИНОЯЗЫЧНОЙ ГРАММАТИКЕ ИНДУКТИВНЫМ МЕТОДОМ _eЖурнальная статья 210 1# _aНижневартовск _cФедеральное государственное бюджетное образовательное учреждение высшего образования Нижневартовский государственный университет _d2019 215 ## _a6 с. 608 ## _aЖурнальная статья _2local 675 ## _aОбучение языкам. 372.881.1 _zRUS 700 #1 _aКирюшина _gО В 856 4# _afilvestnik.nvsu.ru _u